000
00244nam a22001097a 4500
082
_a
SPR
100
_a
Sproston
245
_a
Electroastatic damage in the electronics industry
260
_a
England
_b
IOP Pub
_c
1987
300
_a
72
942
_c
BK
999
_c
14630
_d
14630